000 00731nam a2200229Ii 4500
003 JO-AjNU
008 230605s9999||||xx |||||||||||||| ||und||
017 _a2016/2/905
020 _a978-9957-99-333-7
040 _aJO-AjNU
_bara
_erda
_cJO-AjNU
041 _aara
050 1 4 _aPJ7838 2016
100 3 _aالمومني، مسيد,
_eauthor
_957559
245 0 0 _aخطوة في المنتصف: رواية
250 _aط1
264 3 1 _aعمان: دار امجد للنشر والتوزيع والطباعة،2016
300 _a220ص
336 _atext
_btxt
_2rdacontent
337 _aunmediated
_bn
_2rdamedia
338 _avolume
_bnc
_2rdacarrier
650 4 _aالقصص العربية-العصر الحديث
_957560
999 _aA25802
_c29370
_d29370